| 000 | 01230cam a2200277 i 4500 | ||
|---|---|---|---|
| 003 | SA-RiAUC | ||
| 005 | 20240921134732.0 | ||
| 008 | 240909s1978 le g 000 0 ara c | ||
| 040 |
_aAE-AiULD _bara _cSA-RiAUC _erda |
||
| 050 | 4 | _b.S43 1978 | |
| 082 | 0 | 4 | _a953 |
| 090 |
_a953 _bس ك ت |
||
| 100 | 1 |
_aالسكتواري البسنوي، علاء الدين على ددة بن مصطفى، _dتوفي 1007 هجري _eمؤلف. |
|
| 245 | 1 | 0 |
_aمحاضرة الأوائل ومسامرة الأواخر/ _cتأليف علاء الدين علي ددة بن السكتوراي. |
| 250 | _aالطبعة الثانية. | ||
| 264 | 1 |
_aبيروت : _bدار الكتاب العربي، _c1978 |
|
| 300 |
_a172 صفحة _c27 سم |
||
| 336 |
_aنص _btxt _2rdacontent _3كتاب |
||
| 337 |
_aبدون وسيط _bn _2rdamedia |
||
| 338 |
_aمجلد _bnc _2rdacarrier |
||
| 500 | _aطبعة بالأوفست عن الطبعة الأولى وهى آخر طبعة بالمطبعة الأميرية ببولاق مصر سنة 1300 هجري. | ||
| 650 | 7 |
_aالتاريخ الإسلامي _2aucsh |
|
| 651 | 7 |
_aالبلاد الإسلامية _xتاريخ _2aucsh |
|
| 942 |
_2ddc _cBOOK |
||
| 949 |
_aSA-JeALM _d240909 _umohamedma123 _n1 |
||
| 999 |
_c161 _d161 |
||